000 00520nam a2200193Ia 4500
003 OSt
005 20240201102142.0
008 210210b1962 xxu||||| |||| 00| 0 eng d
040 _cAL
041 _aEnglish
082 _a370.114 LEJQ
100 _aLE JOLY (E), S.J.
_9149399
245 _aQuest for excellence: book for moral science for heigher grade & pu classes.
260 _aCalcutta.
_bXavier Publications.,
_c1962
300 _aviii,204
690 _aEducation
_9149400
906 _a042248
942 _2ddc
_cBK
999 _c92000
_d92000